[Event "Mallorca-chT Preferente"]
[Site "Mallorca"]
[Date "2016.03.05"]
[Round "2.2"]
[White "Alenyar Truyols, Bartolome"]
[Black "Navarrete Solano, Jorge Jose"]
[Result "0-1"]
[WhiteElo "1754"]
[BlackElo "2053"]
[PlyCount "22"]
[EventDate "2016.03.01"]
[EventType "team-tourn"]
[EventRounds "9"]
[EventCountry "ESP"]
[SourceTitle "EXT 2024"]
[Source "ChessBase"]
[SourceDate "2023.10.10"]
[SourceVersion "1"]
[SourceVersionDate "2023.10.10"]
[SourceQuality "1"]
[WhiteTeam "Alcudia"]
[BlackTeam "Algaida"]
[WhiteTeamCountry "ESP"]
[BlackTeamCountry "ESP"]

1. Nf3 d5 2. c4 c5 3. e3 Nf6 4. cxd5 Nxd5 5. Be2 Nc6 6. 0-0 e5 7. d4 cxd4 8. exd4 e4 9. Ne5 Bd6 10. Nxc6 bxc6 11. Qc2 Bd7 0-1

[Event "Calvia Amateur op 8th"]
[Site "Calvia"]
[Date "2011.10.15"]
[Round "8"]
[White "Haukenes, Alise"]
[Black "Navarrete Solano, Jorge Jose"]
[Result "0-1"]
[WhiteElo "1620"]
[BlackElo "2055"]
[PlyCount "98"]
[EventDate "2011.10.08"]
[EventType "swiss"]
[EventRounds "9"]
[EventCountry "ESP"]
[SourceTitle "CBM 144 Extra"]
[Source "ChessBase"]
[SourceDate "2011.10.28"]
[SourceVersion "1"]
[SourceVersionDate "2011.10.28"]
[SourceQuality "1"]

1. Nf3 d5 2. g3 Bg4 3. Bg2 Bxf3 4. Bxf3 e6 5. b3 Nf6 6. Bb2 Nbd7 7. 0-0 Bc5 8. d3 0-0 9. Nd2 Qe7 10. c4 c6 11. a3 a5 12. d4 Bd6 13. c5 Bc7 14. e3 e5 15. Re1 e4 16. Bg2 Ne8 17. Qe2 f5 18. b4 g5 19. f4 gxf4 20. exf4 Qg7 21. Qh5 Rf6 22. Nf1 Qf8 23. Reb1 Ng7 24. Qe2 Rg6 25. b5 Ne6 26. bxc6 bxc6 27. Qf2 Qg7 28. Ne3 Rf8 29. Rd1 h5 30. Bc1 h4 31. Nf1 Nf6 32. Qe2 hxg3 33. hxg3 Qh6 34. Ra2 Nh5 35. Kf2 Nxg3 36. Nxg3 Qh4 37. Rh1 Qxg3+ 38. Kf1 Nxf4 39. Bxf4 Qxf4+ 40. Qf2 Qc1+ 41. Qe1 Qc4+ 42. Re2 Bg3 43. Qd1 f4 44. Kg1 f3 45. Bxf3 exf3 46. Rc2 Be1+ 47. Kh2 Rh6+ 48. Kg1 Qf1+ 49. Kxf1 Rxh1# 0-1